Quiz Films (résumés bâclés DreamWorks) - Statistiques

Statistiques générales
  • Ce quiz a été pris 3 572 fois
  • Le résultat moyen est 8 sur 10
Statistiques - réponses
Résumé Film % Correct
Un film où un âne sort avec une dragonne et un bonhomme de pain d'épice se fait torturer. Shrek
99%
Des animaux teubés s'échappent d'un zoo de New York. Madagascar
95%
Un gros animal chinois mangeur de nouilles devient le guerrier suprême sur un malentendu. Kung Fu Panda
94%
Un chat gitan aperçu dans une franchise plus connue a le droit à son propre film. Le Chat Potté
88%
Une victime viking devient pote avec un gros lézard noir qui crache du feu. Dragons
83%
Un escargot prend de la drogue et se met à aller vite. Turbo
83%
Un nourrisson ultra capitaliste vient au monde pour martyriser sa victime de frère. Baby Boss
82%
Une famille de la préhistoire quitte sa grotte contre l'avis du père parano. Les Croods
69%
Quatre manchots débiles se prennent pour des agents secrets (eux aussi font partie d'une franchise plus connue). Les Pingouins de Madagascar
55%
Des légendes enfantines affrontent un Voldemort de basse qualité. Les Cinq Légendes
45%
Aucun quiz correspondant
Distribution des résultats
% des personnes avec chaque résultat
Percentile par nombre de réponses
Votre historique - résultats
Vous n’avez pas pris ce quiz